00594nam a2200181 a 4500008004100000020001800041050001600059100002100075245015400096250001600250260003100266300001900297350001100316650003200327650001700359700001700376700001900393210223s1995 ||||||||||||||||| || u a9780314278623 aKF 1250 Dob aBublick, Ellen M10aTorts and compensation: Personal accountability and social responsibility for injury (7th edition)cBy Dan B. Dobbs; Paul T. Hayden; Ellen M. Bublick a7th edition aUSAbWest Publishingc1995 alv, 1107 pages a216.21 aTORTS--UNITED STATES--CASES aCOMPENSATION aDobbs, Dan B ahayden, Paul T